Pokémon: 8ème génération - Statistiques

Statistiques générales
  • Ce quiz a été pris 284 fois
  • Le résultat moyen est 32 sur 81
Statistiques - réponses
Numéros Types Pokémons % Correct
810 Plante Ouistempo
86%
815 Feu Pyrobut
86%
816 Eau Larméléon
82%
813 Feu Flambino
80%
814 Feu Lapyro
76%
811 Plante Badabouin
75%
812 Plante Gorythmic
73%
823 Acier/Vol Corvaillus
69%
821 Vol Minisange
67%
818 Eau Lézargus
66%
888 Acier/Fée Zacian
66%
889 Acier/Combat Zamazenta
66%
822 Vol Bleuseille
60%
831 Normal Moumouton
60%
817 Eau Arrozard
57%
832 Normal Moumouflon
53%
819 Normal Rongourmand
53%
826 Insecte/Psy Astronelle
52%
825 Insecte/Psy Coléodôme
51%
890 Poison/Dragon Éthernatos
51%
820 Normal Rongrigou
51%
824 Insecte Larvadar
50%
828 Ténèbre Roublenard
47%
837 Roche Charbi
46%
835 Électrik Voltoutou
46%
834 Eau/Roche Torgamord
44%
840 Dragon/Plante Verpom
43%
842 Dragon/Plante Dratatin
41%
827 Ténèbre Goupilou
41%
830 Plante Blancoton
40%
839 Feu/Roche Monthracite
40%
841 Dragon/Plante Pomdrapi
39%
851 Feu/Insecte Scolocendre
38%
829 Plante Tournicoton
38%
861 Fée/Ténèbre Angoliath
37%
838 Feu/Roche Wagomine
37%
836 Électrik Fulgudog
36%
833 Eau Khélocrok
35%
858 Fée/Psy Sorcilence
35%
850 Feu/Insecte Grillepattes
34%
848 Électrik/Poison Toxizap
34%
856 Psy Bibichut
33%
860 Fée/Ténèbre Fourbelin
33%
859 Fée/Ténèbre Grimalin
32%
857 Psy Chapotus
31%
877 Électrik/Ténèbre Morpeko
31%
845 Eau/Vol Nigosier
31%
849 Électrik/Poison Salarsen
31%
887 Dragon/Spectre Lanssorien
29%
873 Glace/Insecte Beldeneige
28%
843 Sol Dunaja
28%
882 Dragon/Eau Hydragon
28%
862 Normal/Ténèbre Ixon
28%
844 Sol Dunaconda
27%
884 Acier/Dragon Duralugon
27%
847 Eau Hastacuda
27%
883 Eau/Glace Hydragla
27%
854 Spectre Théffroi
26%
885 Dragon/Spectre Fantyrm
25%
875 Glace Bekaglaçon
24%
846 Eau Embrochet
24%
872 Glace/Insecte Frissonille
24%
876 Normal/Psy Wimessir
24%
874 Roche Dolman
23%
867 Sol/Spectre Tutétékri
23%
866 Glace/Psy M.Glaquette
22%
855 Spectre Polthégeist
22%
852 Combat Poulpaf
22%
881 Électrik/Glace Galvagla
21%
853 Combat Krakos
21%
863 Acier Berserkatt
20%
869 Fée Charmilly
20%
886 Dragon/Spectre Dispareptil
20%
880 Dragon/Électrik Galvagon
20%
870 Combat Hexadron
20%
865 Combat Palarticho
20%
868 Fée Crèmy
18%
871 Électrik/Insecte Wattapik
17%
864 Spectre Corayôme
16%
879 Acier Pachyradjah
14%
878 Acier Charibari
13%
Aucun quiz correspondant
Distribution des résultats
% des personnes avec chaque résultat
Percentile par nombre de réponses
Votre historique - résultats
Vous n’avez pas pris ce quiz